00731nam a22002057a 450000500170000001000150001702000260003203500130005803700130007108200100008424500520009426000500014627000630019630000260025950000500028570000240033594200240035999900170038395201250040020130607113010.0 aENG-107335 a9789382601111c695.00 aEN-90868 bDBAD/PUB a174.4 aBusiness ethics /cedited by Rosamund M. Thomas aGreater NoidabeVookz Learning Solutionc2012 a10, Parshwanath Edens, Sec-Alpha-IIbGreater Noidae110091 axvii, 300p.c24cm(Hb) aIncludes bibliographical references and index aThomas, Rosamund M. 2ddccENmBUSh174.4 c76068d76068 001040718NFICaDBADbDBADd2013-05-24eDBAD / PUBg695.00l0o174.4 BUSpEN-90868r2013-05-24 00:00:00t1v695.00yEN